| 000 | 00705nam a2200193 a 4500 | ||
|---|---|---|---|
| 003 | OSt | ||
| 005 | 20240226130904.0 | ||
| 008 | 180420t2015 xxu||||| |||| 00| 0 urd d | ||
| 040 | _c0 | ||
| 082 |
_a923.1 _bHER 2015 |
||
| 100 | 1 | 0 |
_aہيرلڈليم _9121236 |
| 245 | 1 | 0 |
_aتين عظيم جنگجوسپہ سالار: _bسکندراعظم چنگيزخان اميرتيمور |
| 246 |
_aTeen Azeem Jungju Sipasalar: _bSikandar E Azam, Changis Khan,Ameer Taimor. |
||
| 260 |
_aLahore: _bFiction House; _c2015. |
||
| 300 | _a295p. : | ||
| 650 |
_aAnciant _vHistory _9121328 |
||
| 942 |
_2ddc _cBK _aSADA _k923.1 HER 2015 |
||
| 999 |
_c608196 _d608196 |
||